Legal research illustrated An abridgment of Fundamentals of legal research

21 chapters: An introduction to legal research; the legal research process; court reports; federal court cases;...

保存先:
書誌詳細
第一著者: Mersky, Roy M
その他の著者: Dunn, Donald J
フォーマット: 図書
言語:Undetermined
出版事項: Mineola, N.Y. Foundation Press [?]
主題:
オンライン・アクセス:http://lrc.tdmu.edu.vn/opac/search/detail.asp?aID=2&ID=34263
タグ: タグ追加
タグなし, このレコードへの初めてのタグを付けませんか!
Thư viện lưu trữ: Trung tâm Học liệu Trường Đại học Thủ Dầu Một
LEADER 00830nam a2200229Ia 4500
001 TDMU_34263
008 210410s9999 xx 000 0 und d
082 |a 620.115 
090 |b M206 
100 |a Mersky, Roy M 
245 0 |a Legal research illustrated 
245 3 |b An abridgment of Fundamentals of legal research 
245 0 |c Roy M. Mersky, Donald J. Dunn 
260 |a Mineola, N.Y. 
260 |b Foundation Press 
260 |c [?] 
300 |a 543 p. 
520 |a 21 chapters: An introduction to legal research; the legal research process; court reports; federal court cases;... 
650 |a Legal research  |x Law; Luật  |x Nghiên cứu 
700 |a Dunn, Donald J 
856 |u http://lrc.tdmu.edu.vn/opac/search/detail.asp?aID=2&ID=34263 
980 |a Trung tâm Học liệu Trường Đại học Thủ Dầu Một